<?xml version="1.0" encoding="UTF-8"?>
<record
    xmlns:xsi="http://www.w3.org/2001/XMLSchema-instance"
    xsi:schemaLocation="http://www.loc.gov/MARC21/slim http://www.loc.gov/standards/marcxml/schema/MARC21slim.xsd"
    xmlns="http://www.loc.gov/MARC21/slim">

  <leader>00615nam a2200133Ia 4500</leader>
  <controlfield tag="001">3545</controlfield>
  <controlfield tag="008">241024s9999    xx            000 0 und d</controlfield>
  <datafield tag="082" ind1=" " ind2=" ">
    <subfield code="a">RD/414.07/ES79c/1-5</subfield>
  </datafield>
  <datafield tag="100" ind1=" " ind2=" ">
    <subfield code="a">Estancia Instituto de Terapia Psicocorporal</subfield>
  </datafield>
  <datafield tag="245" ind1=" " ind2="0">
    <subfield code="a">Comunicaci&#xF3;n efectiva-afectiva en el proceso de ense&#xF1;anza Aprendizaje, 1. La comunicaci&#xF3;n efectiva/ Afectiva y las emociones. 2. Lectura pisco-corporal. 3. Fisiolog&#xED;a de las emociones y estres som&#xE1;tico. 4. Empodaramiento personal / Comunicaci&#xF3;n efectiva</subfield>
  </datafield>
  <datafield tag="260" ind1=" " ind2=" ">
    <subfield code="b">Santo Domingo, Rep&#xFA;blica Dominicana</subfield>
    <subfield code="c">2010</subfield>
  </datafield>
  <datafield tag="901" ind1=" " ind2=" ">
    <subfield code="a">16/12/2013 3:45:30 p.m.</subfield>
  </datafield>
  <datafield tag="999" ind1=" " ind2=" ">
    <subfield code="c">8243</subfield>
    <subfield code="d">8243</subfield>
  </datafield>
</record>
